Juan Bosch : (Registro nro. 13703)
[ vista simple ]
| 000 -LIDER | |
|---|---|
| fixed length control field | 01039nam a2200289 a 4500 |
| 003 - IDENTIFICACDOR DE NÚMERO DE CONTROL | |
| control field | DO-SdBNP |
| 005 - DATE AND TIME OF LATEST TRANSACTION | |
| control field | 20211115091355.0 |
| 007 - CAMPOS FIJOS DE DESCRIPCIÓN FÍSICA | |
| fixed length control field | |
| 008 - ELEMENTOS DE LONGITUD FIJA | |
| fixed length control field | 090715s2002 dr ac 000 0bspa d |
| 020 ## - ISBN | |
| International Standard Book Number | 9789945007152 |
| 040 ## - FUENTE DE CATALOGACIÓN | |
| Agencia que crea de manera original el registro | BPMSU |
| Idioma de catalogación | spa |
| Agencia que realiza la transcripción | BPMSU |
| 082 #4 - NÚMERO DE CLASIFICACIÓN DECIMAL DE DEWEY | |
| Classification number | 923.27293 |
| Item number | B742G, 2017 |
| Edition number | 22 |
| 100 1# - ASIENTO PRINCIPAL -- NOMBRE PERSONAL | |
| Nombre personal | Gutiérrez Féliz, Euclides, |
| Fechas asociadas con el nombre | 1936- |
| 245 10 - MENCIÓN DE TITULO | |
| Título | Juan Bosch : |
| Subtítulo | perfil biográfico / |
| Mención de responsabilidad | Euclides Gutiérrez Féliz ; edición Cándico Gerón |
| 250 ## - MENCIÓN DE EDICION | |
| Mención de edición | 2a ed. ampl. y corr. |
| 260 ## - PUBLICACIÓN, DISTRIBUCIÓN, ETC. (PIE DE IMPRENTA) | |
| Lugar de publicación, distribución, etc | Santo Domingo : |
| Nombre del editor, distribuidor, etc. | Corripio, |
| Fecha de publicación, distribución, etc | 2017 |
| 300 ## - DESCRIPCIÓN FÍSICA | |
| Extensión | 258 p. : |
| Otros detalles físicos | il., retrs. ; |
| Dimensiones | 23 cm. |
| 500 ## - NOTA GENERAL | |
| Nota general | Incluye datos biográficos del autor en la solapa de la cubierta |
| 505 0# - NOTA DE CONTENIDO | |
| Texto normalizado de contenido | Escritor político -- |
| Título | El camino -- |
| -- | El triunfador -- |
| -- | El patriota -- |
| -- | El maestro -- |
| -- | La proceridad. |
| 590 ## - NOTA LOCAL | |
| Enlace | Inventariado, 2021/VM |
| 600 14 - ENCABEZAMIENTO DE MATERIA--NOMBRE PERSONAL | |
| Nombre personal | Bosch, Juan |
| Fechas asociadas con el nombre | 1909-2001 |
| 9 (RLIN) | 1 |
| 651 #4 - ENCABEZAMIENTO DE MATERIA--NOMBRE GEOGRÁFICO | |
| Nombre geográfico | República Dominicana |
| Subdivisión de forma | Biografías |
| 700 1# - ASIENTO SECUNDARIO -- NOMBRE PERSONAL | |
| Nombre personal | Gerón, Candido |
| Mención de responsabilidad | ed. |
| 830 #0 - ASIENTO SECUNDARIO DE SERIE--TÍTULO UNIFORME | |
| Título uniforme | Biografías dominicanas Tobogán |
| 910 ## - VALIDACIÓN | |
| Validación | VMateo V. |
| 942 ## - ADDED ENTRY ELEMENTS (KOHA) | |
| Source of classification or shelving scheme | Dewey Decimal Classification |
| Koha item type | Libros |
| Withdrawn status | Lost status | Source of classification or shelving scheme | Damaged status | Not for loan | Collection code | Home library | Current library | Date acquired | Total Checkouts | Full call number | Barcode | Date last seen | Price effective from | Koha item type | Source of acquisition | Copy number |
|---|---|---|---|---|---|---|---|---|---|---|---|---|---|---|---|---|
| Dewey Decimal Classification | Colección Dominicana | Biblioteca Pública Metropolitana Salomé Ureña | Biblioteca Pública Metropolitana Salomé Ureña | 09/02/2021 | BPMSU CD 923.27293 B742G, 2017 | BPMSU21090023 | 09/02/2021 | 09/02/2021 | Libros | |||||||
| Dewey Decimal Classification | Colección Dominicana | Biblioteca Pública Metropolitana Salomé Ureña | Biblioteca Pública Metropolitana Salomé Ureña | 09/02/2021 | BPMSU CD 923.27293 B742G, 2017 | BPMSU21090024 | 09/02/2021 | 09/02/2021 | Libros | BNPHU | e.2 |